Learning Resource and Development

Prepping and shooting your student short film : (Record no. 31669)

MARC details
000 -LEADER
fixed length control field 03495cam a22003858i 4500
001 - CONTROL NUMBER
control field 22403202
003 - CONTROL NUMBER IDENTIFIER
control field CSPC
005 - DATE AND TIME OF LATEST TRANSACTION
control field 20260205164915.0
008 - FIXED-LENGTH DATA ELEMENTS--GENERAL INFORMATION
fixed length control field 220123s2022 enk bf 001 0 eng
010 ## - LIBRARY OF CONGRESS CONTROL NUMBER
LC control number 2021062442
020 ## - INTERNATIONAL STANDARD BOOK NUMBER
International Standard Book Number 9780367771201
Qualifying information (paperback)
035 ## - SYSTEM CONTROL NUMBER
System control number 22403202
040 ## - CATALOGING SOURCE
Original cataloging agency LBSOR/DLC
Language of cataloging eng
Description conventions rda
Transcribing agency DLC
Modifying agency CSPC
042 ## - AUTHENTICATION CODE
Authentication code pcc
050 00 - LIBRARY OF CONGRESS CALL NUMBER
Classification number PN1995.9.P7
Item number K45 2022
082 00 - DEWEY DECIMAL CLASSIFICATION NUMBER
Classification number 791.43023
Item number K295p
Edition number 23/eng/20220503
100 1# - MAIN ENTRY--PERSONAL NAME
Personal name Kelly, Rory,
Relator term author.
245 10 - TITLE STATEMENT
Title Prepping and shooting your student short film :
Remainder of title a brief guide to film production /
Statement of responsibility, etc. Rory Kelly.
263 ## - PROJECTED PUBLICATION DATE
Projected publication date 2206
264 #1 - PRODUCTION, PUBLICATION, DISTRIBUTION, MANUFACTURE, AND COPYRIGHT NOTICE
Place of production, publication, distribution, manufacture Abingdon, Oxon ;
-- New York, NY :
Name of producer, publisher, distributor, manufacturer Routledge,
Date of production, publication, distribution, manufacture, or copyright notice 2022.
300 ## - PHYSICAL DESCRIPTION
Extent viii, 259 pages :
Other physical details illustrations ;
Dimensions 24 cm.
336 ## - CONTENT TYPE
Content type term text
Content type code txt
Source rdacontent
337 ## - MEDIA TYPE
Media type term unmediated
Media type code n
Source rdamedia
338 ## - CARRIER TYPE
Carrier type term volume
Carrier type code nc
Source rdacarrier
504 ## - BIBLIOGRAPHY, ETC. NOTE
Bibliography, etc. note Includes bibliographical references and index.
505 0# - FORMATTED CONTENTS NOTE
Formatted contents note Keep it simple -- Organize your script -- Decide when to shoot what -- Decide how to shoot what -- Settle on a look -- Don't break the bank -- Find crew -- Find places to shoot -- Find actors -- Collaborate and communicate -- Rehearse it before you shoot it -- Obey the rules of engagement.
520 ## - SUMMARY, ETC.
Summary, etc. "Focusing on the practical tools required to making your first student film, this book is a concise and accessible guide to film production. Demystifying the process of taking a film from concept through to production, author Rory Kelly covers all the key bases including: organizing your script, when and how to shoot, production budgeting, finding actors and locations, and roadmapping postproduction. Featuring common problems and challenges producers and directors face throughout the production process and providing practical solutions, the book illustrates how to effectively create a film that can be successfully shot in a classroom or micro-budget environment. Filmmakers will be empowered to prioritize realistic goals, balance practical and creative demands, manage a budget, and schedule time to ensure concept translates to reality. Kelly brings together the creative process and practicalities of producing a student film. A concise and accessible guide written with the specific constraints of a student production in mind, this book will equip any filmmaker with the tools to produce an impactful short film. Ideal for undergraduate and graduate students of filmmaking, amateur filmmakers, as well as students in high school, community-based, for-profit and summer filmmaking programs. Additional downloadable online resources include a look-book with images and video clips, as well as printable budget templates, shooting schedule templates, block breakdown sheets, a digital workflow worksheet, timed shot-list forms and templates for location agreements, appearance releases, crew deal memos and call sheets"--
Assigning source Provided by publisher.
650 #0 - SUBJECT ADDED ENTRY--TOPICAL TERM
Topical term or geographic name entry element Short films
General subdivision Production and direction
Form subdivision Handbooks, manuals, etc.
650 #0 - SUBJECT ADDED ENTRY--TOPICAL TERM
Topical term or geographic name entry element Low budget films
General subdivision Production and direction
Form subdivision Handbooks, manuals, etc.
776 08 - ADDITIONAL PHYSICAL FORM ENTRY
Relationship information Online version:
Main entry heading Kelly, Rory.
Title Prepping and shooting your student short film
Place, publisher, and date of publication Abingdon, Oxon ; New York, NY : Routledge, 2022
International Standard Book Number 9781003169864
Record control number (DLC) 2021062443
906 ## - LOCAL DATA ELEMENT F, LDF (RLIN)
a 7
b cbc
c orignew
d 1
e ecip
f 20
g y-gencatlg
942 ## - ADDED ENTRY ELEMENTS (KOHA)
Source of classification or shelving scheme Dewey Decimal Classification
Koha item type Books
Edition 23
Classification part 791.43023
Item part K295p
Call number prefix CIR
Call number suffix 2023
Suppress in OPAC No
Holdings
Withdrawn status Lost status Source of classification or shelving scheme Damaged status Not for loan Home library Current library Shelving location Date acquired Total Checkouts Full call number Barcode Date last seen Copy number Price effective from Koha item type
    Dewey Decimal Classification     Main Library Main Library Circulation Section 02/03/2026   CIR 791.43023 K295p 2023 031155 02/03/2026 1-1 02/03/2026 Books